| 000 | 00593cam a2200181 4500 | ||
|---|---|---|---|
| 001 | BUCI010323 | ||
| 008 | t19771977mx spa | ||
| 035 | _aBUCI010323 | ||
| 050 | 0 | 0 |
_aHF3235 _bH47 1977 |
| 100 | 1 | _aHerrera Canales, Inés | |
| 245 | 1 | 3 |
_aEl Comercio exterior de México 1821-1875 / _cInés Herrera Canales. |
| 260 |
_aMéxico : _bEl Colegio de México, _c1977 |
||
| 300 |
_aviii, 193 p. ; _c22 cm. |
||
| 440 | 0 |
_aCentro de Estudios Históricos : Nueva serie ; _vno. 25. |
|
| 500 | _aRec. DGB. | ||
| 650 | 1 | 0 |
_aComercio exterior _xPromoción _xMéxico |
| 942 |
_2lcc _cLIB |
||
| 999 |
_c110230 _d110230 |
||